Statistics for 世界各國

Click here to take the quiz!

General Stats

  • This quiz has been taken 247 times
  • The average score is 79 of 196

Answers on the Map

Answers color-coded by a green-red scale on the quiz's map according to % correct below.
Loading ...
 

Answer Stats

Country% Correct
中華人民共和國
92%
美國
90%
俄羅斯
89%
加拿大
88%
日本
87%
台灣
86%
英國
86%
印度
84%
蒙古
84%
西班牙
84%
德國
83%
法國
82%
墨西哥
81%
朝鮮
81%
南韓
81%
泰國
81%
印尼
81%
巴西
79%
葡萄牙
79%
澳大利亞
79%
越南
79%
馬來西亞
78%
瑞典
76%
義大利
76%
冰島
75%
土耳其
74%
南非
73%
丹麥
73%
菲律賓
73%
緬甸
72%
挪威
72%
紐西蘭
72%
瑞士
71%
埃及
71%
巴基斯坦
70%
芬蘭
70%
伊朗
70%
荷蘭
70%
愛爾蘭
69%
阿根廷
69%
波蘭
67%
伊拉克
65%
比利時
65%
希臘
64%
烏克蘭
64%
斯里蘭卡
63%
白俄羅斯
62%
古巴
61%
寮國
61%
智利
61%
柬埔寨
61%
沙烏地阿拉伯
60%
新加坡
60%
不丹
60%
以色列
60%
奧地利
59%
捷克
58%
尼泊爾
58%
阿富汗
57%
蘇丹
57%
哈薩克
56%
巴拿馬
56%
阿拉伯聯合大公國
56%
馬達加斯加
56%
孟加拉
54%
剛果民主共和國
54%
剛果共和國
54%
羅馬尼亞
50%
秘魯
50%
巴拉圭
49%
幾內亞
48%
立陶宛
47%
敘利亞
47%
烏拉圭
45%
摩洛哥
45%
匈牙利
45%
愛沙尼亞
44%
南蘇丹
44%
哥倫比亞
43%
海地
42%
盧森堡
42%
阿曼
41%
烏茲別克
41%
斯洛伐克
40%
拉脫維亞
40%
利比亞
40%
阿爾及利亞
40%
約旦
39%
葉門
39%
保加利亞
38%
玻利維亞
38%
梵蒂岡
36%
馬爾地夫
36%
吉爾吉斯
35%
尼日
34%
突尼西亞
33%
黎巴嫩
33%
亞美尼亞
33%
摩納哥
33%
亞塞拜然
33%
塞爾維亞
33%
科威特
32%
宏都拉斯
32%
土庫曼
32%
塔吉克
31%
奈及利亞
31%
汶萊
30%
肯亞
30%
衣索比亞
30%
委內瑞拉
30%
厄瓜多
30%
多明尼加
30%
卡達
30%
阿爾巴尼亞
29%
巴哈馬
29%
索馬利亞
29%
中非共和國
29%
牙買加
28%
象牙海岸
28%
喬治亞
28%
斐濟
28%
尼加拉瓜
28%
查德
27%
巴布亞紐幾內亞
27%
東帝汶
27%
帛琉
27%
哥斯大黎加
27%
安道爾
26%
坦尚尼亞
25%
迦納
24%
馬利
24%
北馬其頓
24%
克羅埃西亞
24%
瓜地馬拉
24%
科索沃
24%
辛巴威
23%
獅子山
22%
烏干達
22%
巴林
22%
馬爾他
22%
莫三比克
21%
賽普勒斯
21%
蒙特內哥羅
21%
安哥拉
21%
摩爾多瓦
21%
蘇利南
21%
斯洛維尼亞
21%
列支敦斯登
20%
波士尼亞與赫塞哥維納
20%
薩爾瓦多
19%
蓋亞那
19%
聖馬利諾
19%
吐瓦魯
19%
賴比瑞亞
19%
貝里斯
18%
史瓦帝尼
17%
茅利塔尼亞
16%
索羅門群島
16%
赤道幾內亞
16%
尚比亞
15%
賴索托
15%
多哥
14%
貝南
14%
東加
13%
吉里巴斯
13%
蒲隆地
13%
聖多美普林西比
13%
布吉納法索
13%
納米比亞
13%
甘比亞
13%
薩摩亞
13%
喀麥隆
12%
幾內亞比索
12%
諾魯
12%
聖文森及格瑞那丁
12%
加彭
11%
盧安達
10%
塞內加爾
10%
萬那杜
10%
多明尼克
10%
馬紹爾群島
10%
密克羅尼西亞聯邦
10%
巴貝多
9%
厄利垂亞
9%
吉布地
7%
聖露西亞
7%
安地卡及巴布達
7%
千里達及托巴哥
7%
格瑞那達
7%
維德角
7%
馬拉威
7%
葛摩
6%
模里西斯
6%
聖克里斯多福及尼維斯
5%
波札那
5%
塞席爾
4%

Score Distribution

Percentile by Number Answered

Percent of People with Each Score

Your Score History

You have not taken this quiz